Present-Day Communist Nations - Statistics

General Stats
  • This quiz has been taken 46,712 times
  • The average score is 3 of 5
Answer Stats
Country % Correct
China
94%
Cuba
83%
Vietnam
79%
Laos
63%
Nepal
20%
No matching quizzes found
Score Distribution
Percent of People with Each Score
Percentile by Number Answered
Your Score History
You have not taken this quiz